| 000 | 01274nam a2200313 i 4500 | ||
|---|---|---|---|
| 003 | DO-SdBNP | ||
| 005 | 20250127133500.0 | ||
| 007 | ta | ||
| 008 | 240521t2012 dr ac||| |||| 00| j spa d | ||
| 020 | _a9789945469967 | ||
| 040 |
_aDO-SdBNP _bspa _cBNPHU _erda |
||
| 082 | 4 |
_222 _bC762d |
|
| 100 | 1 |
_aContín Aybar, Pedro René, _d1907-1981 _923565 _eautor |
|
| 245 | 1 | 0 |
_aDe todo un poco y de nada un mucho : _bcharlas de sobre mesa / _cPedro René Contín Aybar; encargado de ediciones, Amado Santana. |
| 264 | 1 |
_aSanto Domingo : _bMinisterio de Cultura, _bEditora Nacional, _c©2012 |
|
| 300 |
_a98 páginas : _bilustraciones, retrato ; _c23 cm. |
||
| 336 |
_2rdacontent _atexto _btxt |
||
| 337 |
_2rdamedia _asin mediación _bn |
||
| 338 |
_2rdacarrier _avolumen _bnc |
||
| 490 | _aClásicos Dominicanos. | ||
| 500 | _aIncluye datos biográficos del autor en las solapas de las cubiertas. | ||
| 500 | _aEdición especial con ilustraciones a mano del propio autor. Para su biblioteca. Santo Domingo y a 1927. | ||
| 590 | _aInventariado 2024 / MF | ||
| 650 | 4 |
_aLiteratura dominicana. _967 |
|
| 650 | 4 |
_aCuentos Dominicanos _931999 |
|
| 700 | 1 |
_aSantana, Amado _97207 _eeditor |
|
| 710 | 2 |
_aBanco Nacional de la Vivienda (República Dominicana) _97172 |
|
| 942 |
_2ddc _cLBS1 |
||
| 999 |
_c56718 _d56718 |
||